| 000 | 00650nam a2200157 a 4500 | ||
|---|---|---|---|
| 001 | 000029061 | ||
| 005 | 20200930055315.0 | ||
| 008 | 110413s1982 dr a 000 0 spa d | ||
| 040 |
_aDO-SdBNP _bspa _cBNPHU |
||
| 100 | 1 |
_aFlorentino R., José E. _955151 |
|
| 245 | 1 | 0 |
_aAlternativas para la generación de electricidad / _cJosé E. Florentino R. |
| 260 |
_aSanto Domingo : _bCorporación Dominicana de Electricidad, _c1982. |
||
| 300 |
_a30 p. : _bil. ; _c22. |
||
| 500 | _aTexto de la charla pronunciada por el Lic. José E. Florentino R., administrador general de la CDE, en la sesión- almuerzo de la Cámara Américana de Comercio. | ||
| 049 | _aBNPD | ||
| 999 |
_c28553 _d28553 |
||